Picture Click Quiz - Harry Potter Magical Objects - Statistics

General Stats
  • This quiz has been taken 161 times
  • The average score is 26 of 30
Answer Stats
Hint Answer % Correct
Golden Snitch
Eeyore
94%
Sorting Hat
Merryweather
93%
Sword of Gryffindor
Terk
93%
Mirror of Erised
Maximus
92%
Liquid Luck
Tinkerbell
92%
Cloak of Invisibility
Gus
91%
Elder Wand
Ray
91%
Tom Riddle's Diary
Pascal
91%
Marvolo Gaunt's Ring
Genie
91%
Knight Bus
Flit
91%
Nimbus 2000
Dopey
90%
Wizard's Chess
Olaf
89%
Bertie Bott's Every-Flavour Beans
Jiminy Cricket
89%
Marauder's Map
Thumper
89%
The Tales of Beedle the Bard
Pleakly
88%
Chocolate Frogs
Bruni
88%
Flying Ford Anglia
Sleepy
88%
Vanishing Cabinet
Mrs. Potts
88%
Helga Hufflepuff's Cup
Bashful
88%
Philosopher's Stone
Heihei
87%
Daily Prophet
Pegasus
87%
Salazar Slytherin's Locket
Flounder
87%
Rowena Ravenclaw's Diadem
Louis
85%
Time-Turner
Tantor
84%
Deluminator
Fauna
81%
Howler
Sven
81%
Remembrall
Meeko
78%
Quaffle
Baloo
76%
Goblet of Fire
Bagheera
70%
Resurrection Stone
Panic
62%
No matching quizzes found
Score Distribution
Percent of People with Each Score
Percentile by Number Answered
Your Score History
You have not taken this quiz